THE SECOND WORLD WAR THE GRAND ALLIANCE (Record no. 582108)
[ view plain ]
| 000 -LEADER | |
|---|---|
| fixed length control field | 00271nam a22001097a 4500 |
| 082 ## - DEWEY DECIMAL CLASSIFICATION NUMBER | |
| Classification number | 940.53 CHU'S |
| 100 ## - MAIN ENTRY--PERSONAL NAME | |
| Personal name | CHURCHILL, WINSTON |
| 9 (RLIN) | 49036 |
| 245 ## - TITLE STATEMENT | |
| Title | THE SECOND WORLD WAR THE GRAND ALLIANCE |
| 260 ## - PUBLICATION, DISTRIBUTION, ETC. | |
| Place of publication, distribution, etc. | LONDON |
| Name of publisher, distributor, etc. | CASSELL |
| Date of publication, distribution, etc. | 1950 |
| 300 ## - PHYSICAL DESCRIPTION | |
| Extent | VOL-3,4,1,6,5 |
| 942 ## - ADDED ENTRY ELEMENTS (KOHA) | |
| Koha item type | Book |
| Withdrawn status | Lost status | Damaged status | Not for loan | Permanent Location | Current Location | Shelving location | Date acquired | Total Checkouts | Full call number | Barcode | Date last seen | Price effective from | Koha item type |
|---|---|---|---|---|---|---|---|---|---|---|---|---|---|
| College of Electrical & Mechanical Engineering (CEME) | College of Electrical & Mechanical Engineering (CEME) | General Stacks | 06/01/2017 | 1 | 940.53 CHU'S | CEME-10536 | 06/28/2021 | 06/28/2021 | Book | ||||
| College of Electrical & Mechanical Engineering (CEME) | College of Electrical & Mechanical Engineering (CEME) | General Stacks | 06/01/2017 | 940.53 CHU'S | CEME-3867 | 06/28/2021 | 06/28/2021 | Book | |||||
| College of Electrical & Mechanical Engineering (CEME) | College of Electrical & Mechanical Engineering (CEME) | General Stacks | 06/01/2017 | 940.53 CHU'S | CEME-3866 | 06/28/2021 | 06/28/2021 | Book | |||||
| College of Electrical & Mechanical Engineering (CEME) | College of Electrical & Mechanical Engineering (CEME) | General Stacks | 06/01/2017 | 940.53 CHU'S | CEME-3869 | 06/28/2021 | 06/28/2021 | Book |
